000
00255nam a2200097Ia 4500
001
1225427
005
20250827092945.0
008
250824s9999 xx 000 0 und d
245
0
_a
TROLLER
_c
MİYASE SERTBARUT
260
_b
ALTIN KİTAPLAR
999
_c
1225427
_d
1225427